Física de laboratorio

Uloženo v:
Podrobná bibliografie
Korporativní autor: Berkeley Physics Laboratory (Autor)
Médium: Kniha
Jazyk:španělština
Vydáno: Barcelona Reverté 1971
Edice:Berkeley Physics Course, B
Témata:
Tagy: Přidat tag
Žádné tagy, Buďte první, kdo vytvoří štítek k tomuto záznamu!

MARC

LEADER 00000nam a2200000 a 4500
001 UCT1435
003 CL-VaPUC
008 960927e19710000SP |||||||||||||||||spa|d
082 0 4 |a 530.028  |b BER  |2 21 
110 2 |a Berkeley Physics Laboratory  |e author  |9 370330 
245 1 0 |a Física de laboratorio 
300 |a 129 p 
942 |c BK 
945 |d 19960927 00:00:00  |a paguirre 
260 |a Barcelona  |b Reverté  |c 1971 
650 0 |a Física   |9 227844 
650 7 |a LABORATORIOS  |2 CL-VaPUC  |9 264068 
650 0 |a Transistores  |9 260330 
650 0 |a Amplificadores   |9 338119 
650 0 |a Propagación de ondas  |9 263256 
583 |a last modification  |c 19960927 00:00:00  |k Rodrigo Vera 
490 0 |a Berkeley Physics Course, B 
999 |c 251962  |d 251960 
952 |0 0  |1 0  |4 0  |6 530_028000000000000_BER_1971  |7 0  |8 A  |9 271513  |a BIBCUR  |b BIBCUR  |d 2019-11-19  |i 1746774  |o 530.028 BER 1971  |p 1746774  |r 2025-04-22  |w 2019-11-19  |y BK  |k BCB